000 00724nac a22002171u 4500
008 081013t xxu||||| |||| 00| 0 eng d
010 _a 2003057970
020 _a0131406612 (alk. paper)
020 _a0131230212 :
082 0 4 _a658.4038011
_bMCL
_222
100 _aMcLeod, Raymond.
245 1 0 _aManagement information systems /
_cRaymond McLeod, George Schell.
250 _a9th ed.
_binternational edition
260 _aUpper Saddle River, NJ :
_bPearson Education,
_cc.2004.
300 _a420 p.;
_c32 cm.
504 _aincluds bibliographical references and index
650 0 _aManagement information systems.
_2BUEsh
651 _2BUEsh
700 1 _aSchell, George P.
942 _cBB
_k658.05MCL
_2ddc
999 _c4589
_d4589